[Event "Irena Warakomska Memorial B"]
[Site "Suwalki"]
[Date "2018.08.07"]
[Round "8"]
[White "Wolagiewicz, Kinga"]
[Black "Kwiecinski, Rafal"]
[Result "0-1"]
[Board "28"]
[WhiteElo "1611"]
[WhiteCountry "POL"]
[WhiteFideId "1195212"]
[WhiteEloChange "-14"]
[BlackElo "1459"]
[BlackCountry "POL"]
[BlackFideId "21008868"]
[BlackEloChange "14"]

1. e4 {[%clk 1:30:30]} c5 {[%clk 1:30:30]} 2. Nf3 {[%clk 1:30:30]} Nc6 {[%clk
1:30:30]} 3. d4 {[%clk 1:30:30]} cxd4 {[%clk 1:30:30]} 4. Nxd4 {[%clk 1:30:30]}
Nf6 {[%clk 1:30:30]} 5. Nc3 {[%clk 1:30:30]} a6 {[%clk 1:30:30]} 6. Be3 {[%clk
1:30:30]} e5 {[%clk 1:30:30]} 7. Nb3 {[%clk 1:30:30]} Bb4 {[%clk 1:30:30]} 8. Bd3
{[%clk 1:30:30]} b5 {[%clk 1:30:30]} 9. O-O {[%clk 1:30:30]} O-O {[%clk 1:30:30]}
10. Bg5 {[%clk 1:30:30]} Bb7 {[%clk 1:30:30]} 11. Nd5 {[%clk 1:30:30]} Be7 {[%clk
1:30:30]} 12. Bxf6 {[%clk 1:30:30]} Bxf6 {[%clk 1:30:30]} 13. Nc5 {[%clk
1:30:30]} Bc8 {[%clk 1:30:30]} 14. a4 {[%clk 1:30:30]} b4 {[%clk 1:30:30]} 15. c3
{[%clk 1:30:30]} d6 {[%clk 1:30:30]} 16. Nb3 {[%clk 1:30:30]} bxc3 {[%clk
1:30:30]} 17. bxc3 {[%clk 1:30:30]} Bg5 {[%clk 1:30:30]} 18. f4 {[%clk 1:30:30]}
Bh6 {[%clk 1:30:30]} 19. f5 {[%clk 1:30:30]} Rb8 {[%clk 1:30:30]} 20. Bc4 {[%clk
1:30:30]} Qh4 {[%clk 1:30:30]} 21. Qd3 {[%clk 1:30:30]} Kh8 {[%clk 1:30:30]} 22.
Rf3 {[%clk 1:30:30]} Qd8 {[%clk 1:30:30]} 23. Rh3 {[%clk 1:30:30]} Bg5 {[%clk
1:30:30]} 24. Qe2 {[%clk 1:30:30]} g6 {[%clk 1:30:30]} 25. Rf1 {[%clk 1:30:30]}
Ne7 {[%clk 1:30:30]} 26. Rg3 {[%clk 1:30:30]} Nxd5 {[%clk 1:30:30]} 27. Bxd5
{[%clk 1:30:30]} Bf4 {[%clk 1:30:30]} 28. Rgf3 {[%clk 1:30:30]} gxf5 {[%clk
1:30:30]} 29. g3 {[%clk 1:30:30]} fxe4 {[%clk 1:30:30]} 30. Qxe4 {[%clk 1:30:30]}
f5 {[%clk 1:30:30]} 31. Qc4 {[%clk 1:30:30]} Qb6+ {[%clk 1:30:30]} 32. Kh1 {[%clk
1:30:30]} Bh6 {[%clk 1:30:30]} 33. Qh4 {[%clk 1:30:30]} Bg7 {[%clk 1:30:30]} 34.
Nd2 {[%clk 1:30:30]} Bd7 {[%clk 1:30:30]} 35. Qe7 {[%clk 1:30:30]} Bc6 {[%clk
1:30:30]} 36. Qxd6 {[%clk 1:30:30]} Bxd5 {[%clk 1:30:30]} 37. Qxd5 {[%clk
1:30:30]} Rbd8 {[%clk 1:30:30]} 38. Qa2 {[%clk 1:30:30]} Qc6 {[%clk 1:30:30]} 39.
Qc4 {[%clk 1:30:30]} Qd7 {[%clk 1:30:30]} 40. Nb3 {[%clk 1:30:30]} e4 {[%clk
1:30:30]} 41. Rf4 {[%clk 1:30:30]} Rc8 {[%clk 1:30:30]} 42. Qxa6 {[%clk 1:30:30]}
Rxc3 {[%clk 1:30:30]} 43. Qb6 {[%clk 1:30:30]} e3 {[%clk 1:30:30]} 44. Nd4 {[%clk
1:30:30]} Qxa4 {[%clk 1:30:30]} 45. Rxf5 {[%clk 1:30:30]} Qa8+ {[%clk 1:30:30]}
46. Kg1 {[%clk 1:30:30]} Re8 {[%clk 1:30:30]} 47. Ne2 {[%clk 1:30:30]} Rc2 {[%clk
1:30:30]} 48. Qb5 {[%clk 1:30:30]} Rec8 {[%clk 1:30:30]} 49. Qd3 {[%clk 1:30:30]}
Qa2 {[%clk 1:30:30]} 50. Re1 {[%clk 1:30:30]} Re8 {[%clk 1:30:30]} 51. Rh5 {[%clk
1:30:30]} h6 {[%clk 1:30:30]} 52. Rf5 {[%clk 1:30:30]} Rd2 {[%clk 1:30:30]} 53.
Qb5 {[%clk 1:30:30]} Red8 {[%clk 1:30:30]} 54. Ref1 {[%clk 1:30:30]} Qc2 {[%clk
1:30:30]} 55. Rc1 {[%clk 1:30:30]} Qe4 {[%clk 1:30:30]} 56. Qc4 {[%clk 1:30:30]}
Qxc4 {[%clk 1:30:30]} 57. Rxc4 {[%clk 1:30:30]} Rxe2 {[%clk 1:30:30]} 0-1

[Event "Irena Warakomska Memorial B"]
[Site "Suwalki"]
[Date "2018.08.07"]
[Round "8"]
[White "Plesiuk, Jan"]
[Black "Paziak, Patryk"]
[Result "0-1"]
[Board "29"]
[WhiteElo "1748"]
[WhiteCountry "POL"]
[WhiteFideId "1159380"]
[WhiteEloChange "-8"]
[BlackElo "1811"]
[BlackCountry "POL"]
[BlackFideId "1168185"]
[BlackEloChange "8"]

1. d4 {[%clk 1:30:30]} Nf6 {[%clk 1:30:30]} 2. Bf4 {[%clk 1:30:30]} c5 {[%clk
1:30:30]} 3. e3 {[%clk 1:30:30]} d5 {[%clk 1:30:30]} 4. c3 {[%clk 1:30:30]} cxd4
{[%clk 1:30:30]} 5. exd4 {[%clk 1:30:30]} Nc6 {[%clk 1:30:30]} 6. Bd3 {[%clk
1:30:30]} Bg4 {[%clk 1:30:30]} 7. Qc2 {[%clk 1:30:30]} e6 {[%clk 1:30:30]} 8. Nd2
{[%clk 1:30:30]} Bd6 {[%clk 1:30:30]} 9. Bg3 {[%clk 1:30:30]} O-O {[%clk
1:30:30]} 10. Ngf3 {[%clk 1:30:30]} Rc8 {[%clk 1:30:30]} 11. Bh4 {[%clk 1:30:30]}
Nb4 {[%clk 1:30:30]} 12. Qb1 {[%clk 1:30:30]} Nxd3+ {[%clk 1:30:30]} 13. Qxd3
{[%clk 1:30:30]} Bf5 {[%clk 1:30:30]} 14. Qe3 {[%clk 1:30:30]} Be7 {[%clk
1:30:30]} 15. Ne5 {[%clk 1:30:30]} Ng4 {[%clk 1:30:30]} 16. Bxe7 {[%clk 1:30:30]}
Nxe3 {[%clk 1:30:30]} 17. Bxd8 {[%clk 1:30:30]} Nc2+ {[%clk 1:30:30]} 18. Ke2
{[%clk 1:30:30]} Nxa1 {[%clk 1:30:30]} 19. Bh4 {[%clk 1:30:30]} f6 {[%clk
1:30:30]} 20. g4 {[%clk 1:30:30]} fxe5 {[%clk 1:30:30]} 21. gxf5 {[%clk 1:30:30]}
exd4 {[%clk 1:30:30]} 22. Rxa1 {[%clk 1:30:30]} dxc3 {[%clk 1:30:30]} 23. bxc3
{[%clk 1:30:30]} Rxf5 {[%clk 1:30:30]} 24. Kd3 {[%clk 1:30:30]} Kf7 {[%clk
1:30:30]} 25. f3 {[%clk 1:30:30]} g5 {[%clk 1:30:30]} 26. Bf2 {[%clk 1:30:30]} g4
{[%clk 1:30:30]} 27. Bxa7 {[%clk 1:30:30]} gxf3 {[%clk 1:30:30]} 28. Bf2 {[%clk
1:30:30]} Rg8 {[%clk 1:30:30]} 29. Ke3 {[%clk 1:30:30]} Rc8 {[%clk 1:30:30]} 30.
Kd3 {[%clk 1:30:30]} e5 {[%clk 1:30:30]} 31. Rb1 {[%clk 1:30:30]} Rc7 {[%clk
1:30:30]} 32. Rb5 {[%clk 1:30:30]} Kg6 {[%clk 1:30:30]} 33. Rb3 {[%clk 1:30:30]}
Kh5 {[%clk 1:30:30]} 34. h3 {[%clk 1:30:30]} Rg5 {[%clk 1:30:30]} 35. Ke3 {[%clk
1:30:30]} Rxc3+ {[%clk 1:30:30]} 36. Rxc3 {[%clk 1:30:30]} d4+ {[%clk 1:30:30]}
37. Ke4 {[%clk 1:30:30]} dxc3 {[%clk 1:30:30]} 38. Nxf3 {[%clk 1:30:30]} Rg2
{[%clk 1:30:30]} 39. Be3 {[%clk 1:30:30]} Rxa2 {[%clk 1:30:30]} 40. Nxe5 {[%clk
1:30:30]} Kh4 {[%clk 1:30:30]} 41. Nf3+ {[%clk 1:30:30]} Kg3 {[%clk 1:30:30]} 42.
Bf4+ {[%clk 1:30:30]} Kxh3 {[%clk 1:30:30]} 43. Nd4 {[%clk 1:30:30]} Kg4 {[%clk
1:30:30]} 44. Bh6 {[%clk 1:30:30]} Ra6 {[%clk 1:30:30]} 45. Bc1 {[%clk 1:30:30]}
h5 {[%clk 1:30:30]} 46. Kd3 {[%clk 1:30:30]} h4 {[%clk 1:30:30]} 47. Ne2 {[%clk
1:30:30]} h3 {[%clk 1:30:30]} 48. Bf4 {[%clk 1:30:30]} Kf3 {[%clk 1:30:30]} 49.
Bb8 {[%clk 1:30:30]} Ra8 {[%clk 1:30:30]} 50. Be5 {[%clk 1:30:30]} Rd8+ {[%clk
1:30:30]} 51. Nd4+ {[%clk 1:30:30]} Rxd4+ {[%clk 1:30:30]} 0-1

[Event "Irena Warakomska Memorial B"]
[Site "Suwalki"]
[Date "2018.08.07"]
[Round "8"]
[White "Pazdzior, Michal"]
[Black "Milchenko, Valerii"]
[Result "1-0"]
[Board "30"]
[WhiteElo "1656"]
[WhiteCountry "POL"]
[WhiteFideId "1135872"]
[WhiteEloChange "15"]
[BlackElo "1825"]
[BlackCountry "RUS"]
[BlackFideId "34174491"]
[BlackEloChange "-15"]

1. d4 {[%clk 1:30:30]} Nf6 {[%clk 1:30:30]} 2. c4 {[%clk 1:30:30]} e6 {[%clk
1:30:30]} 3. Nf3 {[%clk 1:30:30]} d5 {[%clk 1:30:30]} 4. Nc3 {[%clk 1:30:30]} Bb4
{[%clk 1:30:30]} 5. Qb3 {[%clk 1:30:30]} Be7 {[%clk 1:30:30]} 6. Bg5 {[%clk
1:30:30]} dxc4 {[%clk 1:30:30]} 7. Qxc4 {[%clk 1:30:30]} O-O {[%clk 1:30:30]} 8.
e3 {[%clk 1:30:30]} c6 {[%clk 1:30:30]} 9. Bd3 {[%clk 1:30:30]} b6 {[%clk
1:30:30]} 10. Qa4 {[%clk 1:30:30]} Bb7 {[%clk 1:30:30]} 11. O-O {[%clk 1:30:30]}
h6 {[%clk 1:30:30]} 12. Bh4 {[%clk 1:30:30]} Nh5 {[%clk 1:30:30]} 13. Bxe7 {[%clk
1:30:30]} Qxe7 {[%clk 1:30:30]} 14. Ne5 {[%clk 1:30:30]} Nf6 {[%clk 1:30:30]} 15.
Rac1 {[%clk 1:30:30]} Nfd7 {[%clk 1:30:30]} 16. f4 {[%clk 1:30:30]} b5 {[%clk
1:30:30]} 17. Qd1 {[%clk 1:30:30]} Na6 {[%clk 1:30:30]} 18. Be4 {[%clk 1:30:30]}
Nxe5 {[%clk 1:30:30]} 19. fxe5 {[%clk 1:30:30]} Nb4 {[%clk 1:30:30]} 20. Qg4
{[%clk 1:30:30]} c5 {[%clk 1:30:30]} 21. a3 {[%clk 1:30:30]} Nd5 {[%clk 1:30:30]}
22. Bxd5 {[%clk 1:30:30]} exd5 {[%clk 1:30:30]} 23. Nxb5 {[%clk 1:30:30]} c4
{[%clk 1:30:30]} 24. Nd6 {[%clk 1:30:30]} Bc8 {[%clk 1:30:30]} 25. Qf3 {[%clk
1:30:30]} Be6 {[%clk 1:30:30]} 26. e4 {[%clk 1:30:30]} Qh4 {[%clk 1:30:30]} 27.
g3 {[%clk 1:30:30]} dxe4 {[%clk 1:30:30]} 28. Nxe4 {[%clk 1:30:30]} Qd8 {[%clk
1:30:30]} 29. Nd6 {[%clk 1:30:30]} Rb8 {[%clk 1:30:30]} 30. d5 {[%clk 1:30:30]}
Bh3 {[%clk 1:30:30]} 31. Rf2 {[%clk 1:30:30]} Rb3 {[%clk 1:30:30]} 32. Qh5 {[%clk
1:30:30]} Bd7 {[%clk 1:30:30]} 33. Rxf7 {[%clk 1:30:30]} Qb6+ {[%clk 1:30:30]}
34. Kh1 {[%clk 1:30:30]} Qxd6 {[%clk 1:30:30]} 35. Rxg7+ {[%clk 1:30:30]} Kxg7
{[%clk 1:30:30]} 36. exd6 {[%clk 1:30:30]} Rf5 {[%clk 1:30:30]} 37. Qe2 {[%clk
1:30:30]} Rbf3 {[%clk 1:30:30]} 38. Rxc4 {[%clk 1:30:30]} Kg6 {[%clk 1:30:30]}
39. Rc7 {[%clk 1:30:30]} Ba4 {[%clk 1:30:30]} 40. d7 {[%clk 1:30:30]} Bd1 {[%clk
1:30:30]} 41. Qe6+ {[%clk 1:30:30]} Kh5 {[%clk 1:30:30]} 42. Qxf5+ {[%clk
1:30:30]} Rxf5 {[%clk 1:30:30]} 43. d8Q {[%clk 1:30:30]} Bf3+ {[%clk 1:30:30]}
44. Kg1 {[%clk 1:30:30]} Bxd5 {[%clk 1:30:30]} 45. Qh4+ {[%clk 1:30:30]} Kg6
{[%clk 1:30:30]} 46. Rxa7 {[%clk 1:30:30]} Rg5 {[%clk 1:30:30]} 47. Ra6+ {[%clk
1:30:30]} Kf7 {[%clk 1:30:30]} 48. Qxh6 {[%clk 1:30:30]} Rg8 {[%clk 1:30:30]} 49.
Ra7+ {[%clk 1:30:30]} Ke8 {[%clk 1:30:30]} 50. Qh7 {[%clk 1:30:30]} 1-0

[Event "Irena Warakomska Memorial B"]
[Site "Suwalki"]
[Date "2018.08.07"]
[Round "8"]
[White "Choinska, Debora"]
[Black "Huchwajda, Grzegorz"]
[Result "1-0"]
[Board "31"]
[WhiteElo "1555"]
[WhiteCountry "POL"]
[WhiteFideId "1185144"]
[WhiteEloChange "9"]
[BlackElo "1523"]
[BlackCountry "POL"]
[BlackFideId "21806357"]
[BlackEloChange "-9"]

1. e4 {[%clk 1:30:30]} c5 {[%clk 1:30:30]} 2. Nf3 {[%clk 1:30:30]} e6 {[%clk
1:30:30]} 3. d4 {[%clk 1:30:30]} cxd4 {[%clk 1:30:30]} 4. Nxd4 {[%clk 1:30:30]}
Nf6 {[%clk 1:30:30]} 5. Nc3 {[%clk 1:30:30]} Nc6 {[%clk 1:30:30]} 6. Ndb5 {[%clk
1:30:30]} Bb4 {[%clk 1:30:30]} 7. a3 {[%clk 1:30:30]} Bxc3+ {[%clk 1:30:30]} 8.
Nxc3 {[%clk 1:30:30]} d5 {[%clk 1:30:30]} 9. Bd3 {[%clk 1:30:30]} dxe4 {[%clk
1:30:30]} 10. Nxe4 {[%clk 1:30:30]} Nxe4 {[%clk 1:30:30]} 11. Bxe4 {[%clk
1:30:30]} Qxd1+ {[%clk 1:30:30]} 12. Kxd1 {[%clk 1:30:30]} Bd7 {[%clk 1:30:30]}
13. c3 {[%clk 1:30:30]} O-O {[%clk 1:30:30]} 14. f4 {[%clk 1:30:30]} Rfd8 {[%clk
1:30:30]} 15. Kc2 {[%clk 1:30:30]} Be8 {[%clk 1:30:30]} 16. Be3 {[%clk 1:30:30]}
f5 {[%clk 1:30:30]} 17. Bd3 {[%clk 1:30:30]} Ne7 {[%clk 1:30:30]} 18. Bc4 {[%clk
1:30:30]} Nd5 {[%clk 1:30:30]} 19. Rhe1 {[%clk 1:30:30]} Bf7 {[%clk 1:30:30]} 20.
g3 {[%clk 1:30:30]} Nxe3+ {[%clk 1:30:30]} 21. Rxe3 {[%clk 1:30:30]} Rd6 {[%clk
1:30:30]} 22. Rae1 {[%clk 1:30:30]} Re8 {[%clk 1:30:30]} 23. Re5 {[%clk 1:30:30]}
Kf8 {[%clk 1:30:30]} 24. Rd1 {[%clk 1:30:30]} Red8 {[%clk 1:30:30]} 25. Rxd6
{[%clk 1:30:30]} Rxd6 {[%clk 1:30:30]} 26. Re3 {[%clk 1:30:30]} Ke7 {[%clk
1:30:30]} 27. Rd3 {[%clk 1:30:30]} Be8 {[%clk 1:30:30]} 28. Ba2 {[%clk 1:30:30]}
Bc6 {[%clk 1:30:30]} 29. Rxd6 {[%clk 1:30:30]} Kxd6 {[%clk 1:30:30]} 30. Kd3
{[%clk 1:30:30]} e5 {[%clk 1:30:30]} 31. Ke3 {[%clk 1:30:30]} e4 {[%clk 1:30:30]}
32. h3 {[%clk 1:30:30]} b5 {[%clk 1:30:30]} 33. c4 {[%clk 1:30:30]} bxc4 {[%clk
1:30:30]} 34. Bxc4 {[%clk 1:30:30]} Bd5 {[%clk 1:30:30]} 35. Be2 {[%clk 1:30:30]}
Bb3 {[%clk 1:30:30]} 36. Kd4 {[%clk 1:30:30]} a5 {[%clk 1:30:30]} 37. g4 {[%clk
1:30:30]} g6 {[%clk 1:30:30]} 38. h4 {[%clk 1:30:30]} a4 {[%clk 1:30:30]} 39. h5
{[%clk 1:30:30]} Ke6 {[%clk 1:30:30]} 40. hxg6 {[%clk 1:30:30]} hxg6 {[%clk
1:30:30]} 41. g5 {[%clk 1:30:30]} Kd6 {[%clk 1:30:30]} 42. Bb5 {[%clk 1:30:30]}
Ke7 {[%clk 1:30:30]} 43. Kc3 {[%clk 1:30:30]} Bd1 {[%clk 1:30:30]} 44. Bc4 {[%clk
1:30:30]} Kf8 {[%clk 1:30:30]} 45. Kd2 {[%clk 1:30:30]} Bb3 {[%clk 1:30:30]} 46.
Bxb3 {[%clk 1:30:30]} axb3 {[%clk 1:30:30]} 47. Kc3 {[%clk 1:30:30]} Ke7 {[%clk
1:30:30]} 48. Kxb3 {[%clk 1:30:30]} Kd6 {[%clk 1:30:30]} 49. Kc4 {[%clk 1:30:30]}
Kc6 {[%clk 1:30:30]} 50. b4 {[%clk 1:30:30]} Kb6 {[%clk 1:30:30]} 51. a4 {[%clk
1:30:30]} Ka6 {[%clk 1:30:30]} 52. a5 {[%clk 1:30:30]} Ka7 {[%clk 1:30:30]} 53.
b5 {[%clk 1:30:30]} Kb7 {[%clk 1:30:30]} 54. Kd4 {[%clk 1:30:30]} Ka7 {[%clk
1:30:30]} 55. Kc3 {[%clk 1:30:30]} Kb7 {[%clk 1:30:30]} 56. a6+ {[%clk 1:30:30]}
Kb6 {[%clk 1:30:30]} 57. Kc4 {[%clk 1:30:30]} Ka7 {[%clk 1:30:30]} 58. Kc5 {[%clk
1:30:30]} e3 {[%clk 1:30:30]} 59. Kc6 {[%clk 1:30:30]} e2 {[%clk 1:30:30]} 60.
b6+ {[%clk 1:30:30]} Kxa6 {[%clk 1:30:30]} 61. b7 {[%clk 1:30:30]} e1Q {[%clk
1:30:30]} 62. b8Q {[%clk 1:30:30]} Qc1+ {[%clk 1:30:30]} 63. Kd7 {[%clk 1:30:30]}
Ka5 {[%clk 1:30:30]} 64. Qc7+ {[%clk 1:30:30]} 1-0